Surfaces and their measurement / (Record no. 1929)
[ view plain ]
| 000 -LEADER | |
|---|---|
| fixed length control field | 01042nac a22002411u 4500 |
| 010 ## - LIBRARY OF CONGRESS CONTROL NUMBER | |
| LC control number | 2005295180 |
| 020 ## - INTERNATIONAL STANDARD BOOK NUMBER | |
| International Standard Book Number | 1903996600 (pbk.) |
| 035 ## - SYSTEM CONTROL NUMBER | |
| System control number | (OCoLC)ocm56760365 |
| 082 00 - DEWEY DECIMAL CLASSIFICATION NUMBER | |
| Classification number | 620/.44 |
| Item number | W5876 |
| 090 ## - LOCALLY ASSIGNED LC-TYPE CALL NUMBER (OCLC); LOCAL CALL NUMBER (OCLC) | |
| -- | 1929 |
| -- | 1929 |
| 100 ## - MAIN ENTRY--PERSONAL NAME | |
| Personal name | Whitehouse, D. J. |
| 245 10 - TITLE STATEMENT | |
| Title | Surfaces and their measurement / |
| Statement of responsibility, etc | David Whitehouse. |
| 260 ## - PUBLICATION, DISTRIBUTION, ETC. (IMPRINT) | |
| Place of publication, distribution, etc | London : |
| Name of publisher, distributor, etc | Kogan Page Science, |
| Date of publication, distribution, etc | 2004, c2002. |
| 300 ## - PHYSICAL DESCRIPTION | |
| Extent | xi, 395 p. : |
| Other physical details | ill. ; |
| Dimensions | 24 cm. |
| 490 0# - Series Statement | |
| Series statement | Kogan Page Science paper edition |
| 500 ## - GENERAL NOTE | |
| General note | Originally published: London : HPS, 2002. |
| 504 ## - BIBLIOGRAPHY, ETC. NOTE | |
| Bibliography, etc | Includes bibliographical references and index. |
| 650 #0 - SUBJECT ADDED ENTRY--TOPICAL TERM | |
| Topical term or geographic name as entry element | Surfaces (Technology) |
| General subdivision | Measurement. |
| 856 42 - ELECTRONIC LOCATION AND ACCESS | |
| Materials specified | Publisher description |
| Uniform Resource Identifier | <a href="http://www.loc.gov/catdir/enhancements/fy0627/2005295180-d.html">http://www.loc.gov/catdir/enhancements/fy0627/2005295180-d.html</a> |
| 856 42 - ELECTRONIC LOCATION AND ACCESS | |
| Materials specified | Table of contents only |
| Uniform Resource Identifier | <a href="http://www.loc.gov/catdir/enhancements/fy0627/2005295180-t.html">http://www.loc.gov/catdir/enhancements/fy0627/2005295180-t.html</a> |
| 942 ## - ADDED ENTRY ELEMENTS (KOHA) | |
| Item type | Book - Borrowing |
| Call number prefix | 620/.44 |
| Withdrawn status | Item status | Source of classification or shelving scheme | Damaged status | Not for loan | Home library | Current library | Shelving location | Date acquired | Source of acquisition | Total Checkouts | Full call number | Barcode | Date last seen | Cost, replacement price | Koha item type |
|---|---|---|---|---|---|---|---|---|---|---|---|---|---|---|---|
| Dewey Decimal Classification | Central Library | Central Library | First floor | 05/02/2007 | Purchase | 620.44 WHI | 000002427 | 24/08/2022 | 540.00 | Book - Borrowing |